<?xml version="1.0" encoding="UTF-8"?><?xml-stylesheet type="text/xsl" href="static/style.xsl"?><OAI-PMH xmlns="http://www.openarchives.org/OAI/2.0/" xmlns:xsi="http://www.w3.org/2001/XMLSchema-instance" xsi:schemaLocation="http://www.openarchives.org/OAI/2.0/ http://www.openarchives.org/OAI/2.0/OAI-PMH.xsd"><responseDate>2026-04-26T20:20:25Z</responseDate><request verb="GetRecord" identifier="oai:uvadoc.uva.es:10324/3285" metadataPrefix="marc">http://uvadoc.uva.es/oai/request</request><GetRecord><record><header><identifier>oai:uvadoc.uva.es:10324/3285</identifier><datestamp>2021-06-23T11:45:21Z</datestamp><setSpec>com_10324_1182</setSpec><setSpec>com_10324_931</setSpec><setSpec>com_10324_894</setSpec><setSpec>col_10324_1392</setSpec></header><metadata><record xmlns="http://www.loc.gov/MARC21/slim" xmlns:doc="http://www.lyncode.com/xoai" xmlns:xsi="http://www.w3.org/2001/XMLSchema-instance" xmlns:dcterms="http://purl.org/dc/terms/" xsi:schemaLocation="http://www.loc.gov/MARC21/slim http://www.loc.gov/standards/marcxml/schema/MARC21slim.xsd">
<leader>00925njm 22002777a 4500</leader>
<datafield tag="042" ind1=" " ind2=" ">
<subfield code="a">dc</subfield>
</datafield>
<datafield tag="720" ind1=" " ind2=" ">
<subfield code="a">Romero Carnicero, María Victoria</subfield>
<subfield code="e">author</subfield>
</datafield>
<datafield tag="720" ind1=" " ind2=" ">
<subfield code="a">Sanz Mínguez, Carlos</subfield>
<subfield code="e">author</subfield>
</datafield>
<datafield tag="260" ind1=" " ind2=" ">
<subfield code="c">1990</subfield>
</datafield>
<datafield tag="520" ind1=" " ind2=" ">
<subfield code="a">Tumbas romanas recuperadas en la necrópolis de Las Ruedas y en Simancas, en circunstancias ajenas a la metodología arqueológica, sirven para documentar contextos de gran interés para la comprensión de la romanización del viejo territorio vacceo.</subfield>
</datafield>
<datafield tag="024" ind2=" " ind1="8">
<subfield code="a">NVMANTIA: Investigaciones Arqueológicas en Castilla y León, n. 3, 1990, pp. 165-174.</subfield>
</datafield>
<datafield tag="024" ind2=" " ind1="8">
<subfield code="a">0213-7909</subfield>
</datafield>
<datafield tag="024" ind2=" " ind1="8">
<subfield code="a">http://uvadoc.uva.es/handle/10324/3285</subfield>
</datafield>
<datafield tag="024" ind2=" " ind1="8">
<subfield code="a">165</subfield>
</datafield>
<datafield tag="024" ind2=" " ind1="8">
<subfield code="a">3</subfield>
</datafield>
<datafield tag="024" ind2=" " ind1="8">
<subfield code="a">174</subfield>
</datafield>
<datafield tag="024" ind2=" " ind1="8">
<subfield code="a">NVMANTIA: Investigaciones Arqueológicas en Castilla y León</subfield>
</datafield>
<datafield ind1=" " ind2=" " tag="653">
<subfield code="a">Arqueología - España - Castilla y León</subfield>
</datafield>
<datafield ind1=" " ind2=" " tag="653">
<subfield code="a">Yacimientos arqueológicos - Padilla de Duero (Valladolid)</subfield>
</datafield>
<datafield tag="245" ind1="0" ind2="0">
<subfield code="a">Sepulturas romanas de incineración en la provincia de Valladolid: los depósitos de Padilla de Duero y Simancas</subfield>
</datafield>
</record></metadata></record></GetRecord></OAI-PMH>